Cemile (Kutulu Özel Baskı) (Kayıt no. 1260254)

MARC ayrıntıları
000 -LEADER
sabit uzunluktaki kontrol alanı 00288nam a2200109Ia 4500
001 - KONTROL NUMARASI
kontrol alanı 1260254
005 - EN SON İŞLEMİN TARİH VE ZAMANI
kontrol alanı 20260417140328.0
008 - SABİT-UZUNLUKTA VERİ ÖĞELERİ--GENEL BİLGİ
sabit uzunluktaki kontrol alanı 260417s9999 xx 000 0 und d
020 ## - ULUSLARARASI STANDART KİTAP NUMARASI
Uluslararası Standart Kitap Numarası 9786258486278
245 #0 - ESER / YAZAR
ESER ADI Cemile (Kutulu Özel Baskı)
Yazar Adı Cengiz Aytmatov
260 ## - YAYIN, DAĞITIM, VB.
YAYIN EVİ Ketebe Yayınları
Mevcut
Düşüm durumu Kayıp durumu Hasar Durumu Ödünç verilmez Ana kütüphane Geçerli Kütüphane Edinilen tarih Toplam ödünç verme sayısı Barkod Son görüntüleme tarihi Fiyatın geçerli olmaya başladığı tarih Koha materyal türü
        ADİL KARAAĞAÇ MESLEKİ VE TEKNİK ANADOLU LİSESİ ADİL KARAAĞAÇ MESLEKİ VE TEKNİK ANADOLU LİSESİ 17.04.2026   11121196 17.04.2026 17.04.2026 Kitaplar
Gemini Bilgi Teknolojileri A.Ş. tarafından düzenlenmiştir.